La educación familiar y sus problemas (Record no. 61504)

MARC details
000 -LEADER
campo de control de longitud fija 00795nam a2200217 i 4500
001 - NÚMERO DE CONTROL
campo de control 61504
003 - IDENTIFICADOR DE NÚMERO DE CONTROL
campo de control ES-MaACL
005 - FECHA Y HORA DE LA ÚLTIMA TRANSACCIÓN
campo de control 20230906164454.0
007 - CAMPO FIJO DE DESCRIPCIÓN FÍSICA--INFORMACIÓN GENERAL
campo de control de longitud fija t|
008 - DATOS DE LONGITUD FIJA--INFORMACIÓN GENERAL
campo de control de longitud fija 031112s1972 sp ||||1| spa d
100 1# - ENTRADA PRINCIPAL--NOMBRE DE PERSONA
Nombre de persona Fabre, Nicole.
9 (RLIN) 48540
245 13 - MENCIÓN DEL TÍTULO
Título La educación familiar y sus problemas
Resto del título : análisis psicológicos : orientaciones pedagógicas /
Mención de responsabilidad, etc. Nicole Fabre ; prefacio de Roger Mucchiellé ; [traducción por José María Bernáldez y Romero].
260 ## - PUBLICACIÓN, DISTRIBUCIÓN, ETC.
Lugar de publicación, distribución, etc. Madrid :
Nombre del editor, distribuidor, etc. Fax,
Fecha de publicación, distribución, etc. [1972]
300 ## - DESCRIPCIÓN FÍSICA
Extensión 206 p. ;
Dimensiones 18 cm.
490 1# - MENCIÓN DE SERIE
Mención de serie Biblioteca del educador ;
Designación de volumen o secuencia 4
700 1# - ENTRADA AGREGADA--NOMBRE PERSONAL
Nombre de persona Mucchiellé, Roger.
9 (RLIN) 84011
700 1# - ENTRADA AGREGADA--NOMBRE PERSONAL
Nombre de persona Bernáldez y Romero, José María.
9 (RLIN) 28212
830 0# - PUNTO DE ACCESO ADICIONAL DE SERIE-TÍTULO UNIFORME
Título uniforme Biblioteca del educador ;
Designación de volumen o secuencia 4
9 (RLIN) 181635
852 ## - LOCALIZACIÓN
Ubicación ES-MaACL
Número de control de estantería C-45340
Sublocalización o colección R.83469
Holdings
Estatus retirado Estado de pérdida Estado de daño No para préstamo Biblioteca de origen Biblioteca actual Ubicación en estantería Fecha de adquisición Fuente de adquisición Total de préstamos Signatura topográfica completa Código de barras Visto por última vez Precio de reemplazo Tipo de ítem Koha
        Biblioteca del Ateneo de Madrid Biblioteca del Ateneo de Madrid Depósito 2 17/01/2008     C-45340 1064489 23/02/2023 23/02/2023 Libro impreso